Radiohead Songs by Synonyms - Statistics

General Stats
  • This quiz has been taken 76 times
    65 since last reset
  • The average score is 10 of 30
Answer Stats
Hint Answer % Correct
Freak Creep
95%
Bare Nude
68%
Dude of the Battle Man of War
63%
Nil Astonishments No Surprises
61%
Aloft and Parched High and Dry
58%
Movie Audio Motion Picture Soundtrack
54%
Disappointed Let Down
51%
Bizarre Barramundi/ Broken Chor Weird Fishes/ Arpeggi
51%
Oxygen Sack Airbag
49%
Dumb Automobile Stupid Car
47%
I am going to I Will
44%
Fiddle with Clothing Maker War Infantry Boat Pilot Wealthy Adult Male Impoverished Adult Male Vagabond Guy Larcener Tinker Tailor Soldier Sailor Rich Man Poor Man Beggar Man Thief
44%
Legume Vegetable
42%
Barely Just
40%
Floors Dim Decks Dark
35%
Stalking Ursines Hunting Bears
28%
Fortuitous Lucky
26%
Period Ful Stop
25%
Plantain Corp Banana Co
21%
Grab Forty Winks Go to Sleep
16%
World Fax Planet Telex
16%
Leave Lesiurely Go Slowly
14%
Sick Zephyr Ill Wind
12%
Partition Separator
11%
Lament Sulk
11%
Cleave Denture Cuttooth
9%
Reddit Mods Karma Police
9%
Ubersmasher Supercollider
7%
Offer Tight Present Tense
2%
Hittipsy Amourill Chantto Punchdrunk Lovesick Singalong
2%
No matching quizzes found
Score Distribution
Percent of People with Each Score
Percentile by Number Answered
Your Score History
You have not taken this quiz since the last reset